000 00925nmc a2200349 a 4500
003 AR-BaBNM
005 20251128204631.0
008 056019s1989 ||||||||||||||000 | spa||
020 _a950-556-146-6
040 _cAR-BaBNM
100 1 _aRomero Brest, Jorge
245 1 0 _aCultura y calidad de vida
_bensayo atrevido sobre lo estético
250 _a2ª ed.
260 _aBuenos Aires
_bGalerna
_c1989
300 0 _a141 p.
490 0 _aConfluencia
_vv. 3
650 4 _aCULTURA CONTEMPORANEA
650 4 _aCRITICA DE ARTE
650 4 _aESTETICA
650 4 _aSOCIOLOGIA CULTURAL
650 4 _aSISTEMAS CULTURALES
650 4 _aFILOSOFIA CULTURAL
650 4 _aACCION CULTURAL
650 4 _aCRITICA DE ARTE
650 4 _aPEDAGOGIA
650 4 _aCALIDAD DE VIDA
800 1 _aGrinberg, Miguel
800 1 _aBolivar, Jorge
800 1 _aJalfen, Luis Jorge
_edirector
942 _cBK
998 _cMARTIN
999 _c8168
_d8168